Compendio del Ejercicio de perfección y virtudes cristianas / (Record n. 34638)

Dettagli MARC
000 -LEADER
fixed length control field 00928nam a2200229 i 4500
003 - CONTROL NUMBER IDENTIFIER
control field IT-RoINE
005 - DATE AND TIME OF LATEST TRANSACTION
control field 20230613092211.0
008 - FIXED-LENGTH DATA ELEMENTS--GENERAL INFORMATION
fixed length control field 960922s1942 sp r | spa d
040 ## - CATALOGING SOURCE
Original cataloging agency SpMaBN
Transcribing agency CDM IT-RoINE
Modifying agency IT-RoINE
100 1# - MAIN ENTRY--PERSONAL NAME
Personal name Rodríguez, Alonso,
Titles and other words associated with a name S.I.,
Dates associated with a name 1538-1612
9 (RLIN) 67671
245 10 - TITLE STATEMENT
Title Compendio del Ejercicio de perfección y virtudes cristianas /
Statement of responsibility, etc entresacado de la obra escrita con este nombre por el P. Alonso Rodríguez de la Compañía de Jesús y dispiuesto para facilitar a toda suerte de personas su aprovechamento espiritual.
246 34 - VARYING FORM OF TITLE
Title proper/short title Ejercicio de perfección y virtudes cristianas
250 ## - EDITION STATEMENT
Edition statement 4ª ed.
260 ## - PUBLICATION, DISTRIBUTION, ETC. (IMPRINT)
Place of publication, distribution, etc Madrid :
Name of publisher, distributor, etc Apostolado de la Prensa,
Date of publication, distribution, etc 1942.
300 ## - PHYSICAL DESCRIPTION
Extent 396 p. ;
Dimensions 15 cm.
336 ## - CONTENT TYPE
Source rdacontent
Content type term text
337 ## - MEDIA TYPE
Source rdamedia
Media type term unmediated
338 ## - CARRIER TYPE
Source rdacarrier
Carrier type term volume
650 #4 - SUBJECT ADDED ENTRY--TOPICAL TERM
9 (RLIN) 21154
Topical term or geographic name as entry element Perfección cristiana
650 #4 - SUBJECT ADDED ENTRY--TOPICAL TERM
9 (RLIN) 4218
Topical term or geographic name as entry element Literatura de devoción
942 ## - ADDED ENTRY ELEMENTS (KOHA)
Item type Monografías
Dati di copia
Withdrawn status Lost status Damaged status Not for loan Home library Current library Date acquired Total Checkouts Full call number Barcode Date last seen Price effective from Koha item type
        Iglesia Nacional Española en Roma Iglesia Nacional Española en Roma 07/07/2020   DEV 79 62546 07/07/2020 07/07/2020 Monografías